The Road Atlas 2010 (Запис номер 207865)
[ съкратено ]
| 000 -Лидер | |
|---|---|
| Контролно поле с фиксирана дължина | 01688nem a2200409 c 4500 |
| 003 - Код на организацията, давaща контролен номер | |
| Контролно поле | BLK |
| 005 - Дата и час на последна редакция | |
| Контролно поле | 20180421001834.0 |
| 008 - Елементи от данни с фиксирана дължина | |
| fixed length control field | 180412b bul rap|r|||| r0| c|bulo| |
| 010 ## - Наследен системен номер | |
| LC control number | KNG00094982000 |
| 020 ## - Международен стандартен номер на книга ISBN | |
| Международен стандартен номер на книга ISBN | 0-528-94248-4 |
| -- | издат.: Rand McNally |
| 040 ## - Източник на каталожния запис | |
| Идентификатор на билиотеката - собственик на записа | BLK |
| 041 ## - Код за език | |
| Код за езика на текст/звукозапис или на отделно заглавие | Английски |
| Код за езика КДБФ | Английски |
| 080 ## - УДК | |
| Текстов определител УДК | Организация и експлоатация на сухопътния транспорт |
| УДК код - определител по УДК | 656.1/.5 |
| УДК определител | (73)(084.3) |
| УДК - код + определител | 656.1/.5(73)(084.3) |
| 080 ## - УДК | |
| Текстов определител УДК | Организация и експлоатация на сухопътния транспорт |
| УДК код - определител по УДК | 656.1/.5 |
| УДК определител | (71)(084.3) |
| УДК - код + определител | 656.1/.5(71)(084.3) |
| 080 ## - УДК | |
| Текстов определител УДК | Организация и експлоатация на сухопътния транспорт |
| УДК код - определител по УДК | 656.1/.5 |
| УДК определител | (72)(084.3) |
| УДК - код + определител | 656.1/.5(72)(084.3) |
| 100 1# - Редна дума - Автор | |
| Автор | McNally, Rand |
| Авторска отговорност | първи автор |
| R(LIN) | 18298 |
| 139 ## - Редно поле | |
| Редна дума | The Road Atlas 2010 |
| Авторски знак | Ro - R 66 |
| 245 10 - Сведения за заглавието | |
| Заглавие | The Road Atlas 2010 |
| Подзаглавни данни | United States, Canada, Mexico |
| Редно поле (дума) | Rand McNally. |
| 257 ## - Страна на издаване | |
| Страна на създаване/издаване | Съединени американски щати |
| 260 ## - Област на издателските данни | |
| -- | Chicago |
| Име на издателя, разпространителя и проч. | Rand McNally |
| Година на издаване | 2010 |
| 300 ## - Физическа характеристика | |
| Страници | V, 140 p. ; m. |
| Размери/Мащаб | 28x39 cm |
| 380 ## - Жанр | |
| Жанр | География |
| 500 ## - Общи забележки | |
| Забележка | Кор. опис.The Road Atlas 2010 : United States, Canada, Mexico : Gps Online Travel Partner ; America's #1 Road Atlas ; Fun Getaway Ideas on every Map ; All-new Best of the Road Trips. |
| 650 #4 - Допълнително описание по предмет – тема | |
| Основно описание – тема или топоним | Атласи, пътни |
| 9 (RLIN) | 335746 |
| 651 #4 - Допълнително описание по предмет - топоним | |
| Географско понятие | САЩ |
| 9 (RLIN) | 179493 |
| 651 #4 - Допълнително описание по предмет - топоним | |
| Географско понятие | Канада |
| 9 (RLIN) | 178999 |
| 651 #4 - Допълнително описание по предмет - топоним | |
| Географско понятие | Мексико |
| 9 (RLIN) | 179210 |
| 653 ## - Ключова дума – ненормативна | |
| Ключова дума | пътни атласи |
| 653 ## - Ключова дума – ненормативна | |
| Ключова дума | САЩ |
| 653 ## - Ключова дума – ненормативна | |
| Ключова дума | Канада |
| 653 ## - Ключова дума – ненормативна | |
| Ключова дума | Мексико |
| 852 ## - Местоположение | |
| Форматна сигнатура | Цб Кр ІІІ 30 |
| 856 4# - Електронен адрес и достъп | |
| Електронен формат | pdf - файл |
| Път до файла /url/ | |
| 856 4# - Електронен адрес и достъп | |
| Електронен формат | pdf - файл |
| Път до файла /url/ | |
| 942 ## - АРТИКУЛИ | |
| Вид на библиотечния материал | Картографски издания |
| Скрит в OPAC | Не |
| 944 ## - СЪЗДАВАНЕ И РЕДАКЦИЯ на ЗАПИСА | |
| Създаване/Редакция | Създаване |
| Дата на регистрацията/редакция | 23.03.2010 |
| Служител, извършил регистрацията/редакцията | Валя_Йорданова |
| 944 ## - СЪЗДАВАНЕ И РЕДАКЦИЯ на ЗАПИСА | |
| Създаване/Редакция | Редакция |
| Дата на регистрацията/редакция | 23.03.2010 |
| Служител, извършил регистрацията/редакцията | |
| 999 ## - СИСТЕМНИ КОНТРОЛНИ НОМЕРА | |
| Koha biblionumber | 207865 |
| Koha biblioitemnumber | 207865 |
| Код за отписване | Код за изгубен артикул | Източник на класификационната схема | Код за повреда | Коз за рестрикции | Код за отдаване | Артикулен № | Име на библиотеката - собственик | Име на библиотеката, в която се намира в момента | Статус (Текущо местоположение) | Дата на вписване в системата | Местоположение - отдел | Цена в лева | Инвентарен номер | Систематично азбучна сигнатура | Баркод | Номер на екземпляра | Цена в евро | Служебна бележка | Служебен тип на артикула |
|---|---|---|---|---|---|---|---|---|---|---|---|---|---|---|---|---|---|---|---|
| Не е изгубен | Universal Decimal Classification | Не е повреден | без рестрикции | заемане за дома | 358854 | Регионална библиотека "Любен Каравелов" Русе | Регионална библиотека "Любен Каравелов" Русе | ЧЧЗО - англ. ез. - Британски съвет | 2010-03-22 | ЧЧЗО - англ. ез. - Британски съвет | 14.46 | 120000742867 | Ч3 6/R 66 | 120000742867 | 1 | 7.39 | Дост: DA Вид: А N: 9 Дата: 22.03.2010 Дата инв: 20.03.2015 Бележки инв: Ч32015 | Картографски издания |